Balzac và truyện kể /

Sparad:
Bibliografiska uppgifter
Huvudupphovsman: Cao Vũ Trân.
Materialtyp: Artikel
Språk:Vietnamese
Ämnen:
Taggar: Lägg till en tagg
Inga taggar, Lägg till första taggen!
Thư viện lưu trữ: Thư viện Trường Đại học Đà Lạt
LEADER 00637nam a2200253 4500
001 DLU090075268
005 ##20090527
040 # # |a DLU  |b vie 
041 # # |a vie 
044 # # |a vn 
100 # # |a Cao Vũ Trân.  
245 # # |a Balzac và truyện kể /  |c Cao Vũ Trân. 
653 # # |a Bandắc,Ônôrê đơ 1799-1850  
653 # # |a Chủ nghĩa hiện thực  
653 # # |a Truyện kể  
773 # # |t Tạp chí văn học  |g Số 6, 1999, tr. 53-56 
994 # # |a DLU 
900 # # |a True 
911 # # |a Nguyễn Thị Linh Chi 
925 # # |a G 
926 # # |a A 
927 # # |a BB 
980 # # |a Thư viện Trường Đại học Đà Lạt